[Event "VIII Torneo Int. Ciudad de Las Palmas"]
[Site "Las Palmas"]
[Date "1979.08.08"]
[Round "12"]
[White "Rodriguez Vargas, Orestes"]
[Black "Geller, Efim P"]
[Result "1/2-1/2"]
[WhiteElo "2495"]
[BlackElo "2550"]
[PlyCount "50"]
[EventDate "1979.??.??"]

1. c4 g6 2. Nc3 Bg7 3. d4 d6 4. e4 Nf6 5. Be2 O-O 6. Bg5 c5 7. dxc5 Qa5 8. Bd2
Qxc5 9. Nf3 Qc7 10. Rc1 Qd8 11. O-O Nbd7 12. b4 b6 13. Re1 Bb7 14. Bf1 a5 15.
a3 axb4 16. axb4 Ra3 17. Nd4 Nxe4 18. Nxe4 Bxd4 19. Bg5 Be5 20. f4 Bf6 21.
Nxf6+ Nxf6 22. c5 bxc5 23. bxc5 Ne4 24. Rxe4 Bxe4 25. Qd4 d5 1/2-1/2

[Event "VIII Torneo Int. Ciudad de Las Palmas"]
[Site "Las Palmas"]
[Date "1979.08.08"]
[Round "12"]
[White "Suba, Mihai"]
[Black "Vaganian, Rafael"]
[Result "1/2-1/2"]
[WhiteElo "2435"]
[BlackElo "2570"]
[PlyCount "77"]
[EventDate "1979.??.??"]

1. c4 e6 2. Nc3 d5 3. d4 Be7 4. Nf3 Nf6 5. Bg5 h6 6. Bxf6 Bxf6 7. Qd2 O-O 8.
O-O-O c5 9. cxd5 cxd4 10. Nxd4 exd5 11. e3 Nc6 12. Kb1 Be6 13. Be2 Nxd4 14.
exd4 Rc8 15. g4 Be7 16. f4 f5 17. Qe3 Rc6 18. Rhg1 fxg4 19. Bxg4 Bxg4 20. Rxg4
Qd7 21. Qf3 Qf5+ 22. Ka1 Rd8 23. Rgg1 Bf6 24. a3 Re6 25. Rd3 a6 26. Rgd1 b5 27.
Re3 Rxe3 28. Qxe3 Kf7 29. Re1 h5 30. Ka2 h4 31. Rd1 Rd6 32. h3 Rd7 33. Rd3 Re7
34. Qd2 Re6 35. Rf3 Rc6 36. Rd3 Re6 37. Rf3 Bd8 38. Qf2 Bf6 39. Qd2 1/2-1/2

[Event "VIII Torneo Int. Ciudad de Las Palmas"]
[Site "Las Palmas"]
[Date "1979.08.08"]
[Round "12"]
[White "Tatai, Stefano"]
[Black "Rivas Pastor, Manuel"]
[Result "0-1"]
[WhiteElo "2475"]
[BlackElo "2365"]
[PlyCount "78"]
[EventDate "1979.??.??"]

1. d4 d5 2. c4 Bf5 3. cxd5 Bxb1 4. Qa4+ Qd7 5. Qxd7+ Nxd7 6. Rxb1 Ngf6 7. Bd2
Nxd5 8. e4 N5f6 9. f3 e6 10. b4 Be7 11. Bc4 O-O 12. Ne2 Rfd8 13. Bc3 Ne8 14. a4
a6 15. Bb3 Bf6 16. Kf2 e5 17. d5 Nd6 18. Bd2 Rf8 19. Rbc1 Bd8 20. g4 g6 21. Ng3
Rc8 22. Kg2 Kh8 23. h4 Kg7 24. h5 Rh8 25. f4 Re8 26. hxg6 hxg6 27. f5 gxf5 28.
Bh6+ Kf6 29. g5+ Kg6 30. exf5+ Nxf5 31. Nxf5 Kxf5 32. Rcf1+ Kg6 33. Bd1 Bxg5
34. Bxg5 Kxg5 35. Rxf7 Nb6 36. Rh3 Nxd5 37. Rg3+ Kh6 38. Rf1 Nf4+ 39. Kf2 Ng6
0-1

[Event "VIII Torneo Int. Ciudad de Las Palmas"]
[Site "Las Palmas"]
[Date "1979.08.10"]
[Round "13"]
[White "Bellon Lopez, Juan Manuel"]
[Black "Garcia Gonzales, Guillermo"]
[Result "1-0"]
[WhiteElo "2395"]
[BlackElo "2490"]
[PlyCount "111"]
[EventDate "1979.??.??"]

1. e4 c5 2. Nf3 a6 3. Nc3 Nc6 4. d4 cxd4 5. Nxd4 e6 6. Nb3 b5 7. Be3 Nf6 8. Bd3
Ne5 9. Qe2 d6 10. f4 Nxd3+ 11. cxd3 b4 12. Nd1 e5 13. O-O Be7 14. Nd2 Bg4 15.
Qe1 exf4 16. Rxf4 Be6 17. Bd4 d5 18. Bxf6 Bxf6 19. exd5 Qxd5 20. Ne3 Qd8 21.
Ndc4 a5 22. d4 Bg5 23. Rf2 O-O 24. d5 Bd7 25. Qd2 f5 26. d6 Bc6 27. Qd4 Rc8 28.
Rd1 Bf6 29. Ne5 b3 30. d7 Rb8 31. axb3 Rb5 32. Rxf5 Rxe5 33. Rxe5 Qb8 34. Qd6
Bxd7 35. Qxb8 Rxb8 36. Rxa5 Be8 37. Nc4 h6 38. Ra6 Bh5 39. Rdd6 Rxb3 40. Rab6
Rxb6 41. Rxb6 Bd4+ 42. Kf1 Bxb6 43. Nxb6 Kf7 44. Nd5 g5 45. Kf2 Ke6 46. Ne3 Bg6
47. Kf3 h5 48. Nf1 Ke5 49. Nd2 Kd4 50. Kg3 Ke3 51. Nf3 g4 52. Ng5 Be8 53. Kh4
Kf2 54. g3 Kg2 55. Ne4 Kxh2 56. Nd6 1-0

[Event "VIII Torneo Int. Ciudad de Las Palmas"]
[Site "Las Palmas"]
[Date "1979.08.10"]
[Round "13"]
[White "Dominguez Sanz, Juan Pedro"]
[Black "Tatai, Stefano"]
[Result "1-0"]
[WhiteElo "2275"]
[BlackElo "2475"]
[PlyCount "79"]
[EventDate "1979.??.??"]

1. e4 e5 2. Nf3 Nc6 3. d4 exd4 4. Bc4 Nf6 5. e5 Ng4 6. Bxf7+ Kxf7 7. Ng5+ Kg8
8. Qf3 Bb4+ 9. c3 Qe7 10. O-O h6 11. Qxg4 hxg5 12. cxb4 d6 13. Qg3 Nxe5 14.
Bxg5 Qf7 15. Nd2 Bf5 16. Nb3 d3 17. Rfe1 Qd5 18. Bf6 Ng6 19. Bc3 Rf8 20. Re3
Rh4 21. h3 Rf7 22. Rae1 Re4 23. Nd2 Rxe3 24. Rxe3 Nf8 25. Re8 Bd7 26. Rb8 b6
27. Nf3 Re7 28. Kh2 Bc6 29. Nh4 Qf7 30. Qxd3 Qxf2 31. Qc4+ Rf7 32. Rxf8+ Kxf8
33. Ng6+ Ke8 34. Qxc6+ Kd8 35. Qe4 Qf5 36. Qxf5 Rxf5 37. Bxg7 Ke8 38. Bc3 c5
39. g4 Rg5 40. Nf4 1-0

[Event "VIII Torneo Int. Ciudad de Las Palmas"]
[Site "Las Palmas"]
[Date "1979.08.10"]
[Round "13"]
[White "Garcia Padron, Jose"]
[Black "Ivkov, Borislav"]
[Result "1/2-1/2"]
[WhiteElo "2400"]
[BlackElo "2525"]
[PlyCount "73"]
[EventDate "1979.??.??"]

1. d4 d5 2. c4 dxc4 3. Nf3 Nf6 4. e3 e6 5. Bxc4 c5 6. O-O a6 7. a4 Nc6 8. Nc3
Be7 9. Ne5 Bd7 10. Nxd7 Qxd7 11. d5 exd5 12. Nxd5 Rd8 13. Nc3 Qxd1 14. Rxd1
Rxd1+ 15. Nxd1 O-O 16. Nc3 Rd8 17. Be2 Na5 18. Kf1 Bd6 19. Rb1 Be5 20. Bf3 h5
21. g3 g5 22. Ke2 g4 23. Bg2 Nb3 24. f4 gxf3+ 25. Bxf3 b6 26. Ne4 Nxe4 27. Bxe4
Kg7 28. Bd3 a5 29. Bc4 Nxc1+ 30. Rxc1 Bxb2 31. Rb1 Bc3 32. Rxb6 Rd2+ 33. Kf3
Rxh2 34. Rb7 Be1 35. Rxf7+ Kh6 36. Rc7 Rf2+ 37. Ke4 1/2-1/2

[Event "VIII Torneo Int. Ciudad de Las Palmas"]
[Site "Las Palmas"]
[Date "1979.08.10"]
[Round "13"]
[White "Garriga Nualart, Josep"]
[Black "Rodriguez Vargas, Orestes"]
[Result "1/2-1/2"]
[WhiteElo "2300"]
[BlackElo "2495"]
[PlyCount "32"]
[EventDate "1979.??.??"]

1. c4 e6 2. Nf3 Nf6 3. Nc3 d5 4. e3 c5 5. cxd5 exd5 6. d4 Nc6 7. Be2 Bd6 8. O-O
O-O 9. b3 Re8 10. Bb2 cxd4 11. Nxd4 Be5 12. Nf3 Bb8 13. a3 Be6 14. Nb5 Ne4 15.
Rc1 Qe7 16. Nbd4 Nxd4 1/2-1/2

[Event "VIII Torneo Int. Ciudad de Las Palmas"]
[Site "Las Palmas"]
[Date "1979.08.10"]
[Round "13"]
[White "Rivas Pastor, Manuel"]
[Black "Suba, Mihai"]
[Result "1/2-1/2"]
[WhiteElo "2365"]
[BlackElo "2435"]
[PlyCount "86"]
[EventDate "1979.??.??"]

1. d4 Nf6 2. Nf3 c5 3. e3 g6 4. Be2 Bg7 5. O-O O-O 6. dxc5 Na6 7. c4 Nxc5 8.
Nc3 b6 9. Nd4 Bb7 10. b4 Nce4 11. Nxe4 Nxe4 12. Bb2 d5 13. Rc1 dxc4 14. Bxc4
Rc8 15. f3 Nd6 16. Bd3 Qd7 17. Qe2 e5 18. Bb5 Nxb5 19. Nxb5 Ba6 20. a4 Rxc1 21.
Rxc1 Rd8 22. h3 h5 23. Kh2 Kh7 24. Bc3 Rc8 25. Rd1 Qe8 26. Bb2 Qe6 27. Qd2 Bxb5
28. axb5 Qb3 29. Rc1 Rxc1 30. Bxc1 Qc4 31. e4 Qxb5 32. Qa2 Qd7 33. Be3 Bh6 34.
Bxh6 Kxh6 35. b5 h4 36. Qc4 Kg5 37. Qc6 Qd8 38. Qb7 f6 39. Qxa7 Kf4 40. Qf7 g5
41. Qe6 Ke3 42. Qd5 Qc7 43. Qd1 Kf2 1/2-1/2

[Event "VIII Torneo Int. Ciudad de Las Palmas"]
[Site "Las Palmas"]
[Date "1979.08.10"]
[Round "13"]
[White "Sanz Alonso, Francisco Javier"]
[Black "Csom, Istvan"]
[Result "1/2-1/2"]
[WhiteElo "2390"]
[BlackElo "2510"]
[PlyCount "177"]
[EventDate "1979.??.??"]

1. e4 c5 2. c3 e6 3. d4 d5 4. e5 Nc6 5. Nf3 Bd7 6. a3 c4 7. g3 Na5 8. Nbd2 Qb6
9. h4 h6 10. Bh3 O-O-O 11. O-O Kb8 12. Rb1 Ne7 13. Re1 Rc8 14. h5 Nec6 15. Nh4
Be7 16. Ng2 Ka8 17. Ne3 Nb8 18. Bg2 Qd8 19. b4 cxb3 20. c4 dxc4 21. Ndxc4 Nxc4
22. Nxc4 Bc6 23. Bxc6 Rxc6 24. Ne3 Qd7 25. Rxb3 Bg5 26. f4 Rhc8 27. Bb2 Bd8 28.
Rd3 Rb6 29. Ba1 Rb5 30. d5 exd5 31. Kh2 Ba5 32. Re2 Rd8 33. Rc2 Bb6 34. a4 Ra5
35. Nc4 Rxa4 36. Nd6 Nc6 37. Bc3 d4 38. Be1 Ra6 39. Nc4 Qe6 40. Nxb6+ Rxb6 41.
g4 a6 42. Bh4 Rd7 43. Rcd2 Rb5 44. Bg3 Qc4 45. Qe2 Nb4 46. Rf3 Qxe2+ 47. Rxe2
d3 48. Rd2 a5 49. f5 a4 50. e6 fxe6 51. fxe6 Re7 52. Rf8+ Ka7 53. Bf2+ b6 54.
Rf7 Rb7 55. Bd4 Nc6 56. Rxd3 Rg5 57. Ra3 Kb8 58. Rxa4 b5 59. Ra1 Nxd4 60. Rf8+
Kc7 61. e7 Re5 62. e8=Q Rxe8 63. Rxe8 Kd7 64. Rea8 Nc6 65. R8a6 b4 66. Rd1+ Kc7
67. Rc1 Rb6 68. Ra7+ Kd6 69. Rxg7 Ne5 70. Kg3 b3 71. Rb1 Kd5 72. Rd1+ Kc4 73.
Rc7+ Kb4 74. Kf4 Rb5 75. Re7 Nc4 76. Re6 b2 77. Rxh6 Kc3 78. Rh8 b1=Q 79. Rxb1
Rxb1 80. Rc8 Rh1 81. Rd8 Rh3 82. Rd1 Ne3 83. Ra1 Kd4 84. Ra4+ Nc4 85. Kg5 Kd5
86. Kf6 Rh4 87. Kg5 Rh3 88. Kf4 Nd6 89. Kg5 1/2-1/2

[Event "VIII Torneo Int. Ciudad de Las Palmas"]
[Site "Las Palmas"]
[Date "1979.08.10"]
[Round "13"]
[White "Vaganian, Rafael"]
[Black "Betancort Curbelo, Juan Rafael"]
[Result "1-0"]
[WhiteElo "2570"]
[BlackElo "2350"]
[PlyCount "105"]
[EventDate "1979.??.??"]

1. d4 Nf6 2. c4 b6 3. Nc3 Bb7 4. d5 e5 5. a3 a5 6. Nf3 d6 7. e4 g6 8. Be2 Bg7
9. O-O O-O 10. Rb1 Bc8 11. b4 axb4 12. axb4 Bg4 13. Ne1 Bxe2 14. Qxe2 Nh5 15.
g3 Nd7 16. Nd3 Qe7 17. Bd2 Rfc8 18. Ra1 Ndf6 19. Nb5 Qd7 20. Na7 Re8 21. f3 Bf8
22. Ra3 Ng7 23. Rfa1 Nfh5 24. g4 Nf6 25. Nc6 Rxa3 26. Rxa3 h5 27. h3 Nh7 28.
Ra7 hxg4 29. hxg4 f5 30. Be3 Qc8 31. Nf2 f4 32. Bd2 Ng5 33. Kg2 Qd7 34. b5 Rc8
35. c5 dxc5 36. Nd3 Nf5 37. exf5 e4 38. Nce5 Qh7 39. Nxf4 Bd6 40. fxe4 Bxe5 41.
Ra3 Kg7 42. fxg6 Qh4 43. Nh3 Nxh3 44. Rxh3 Qxh3+ 45. Kxh3 Rh8+ 46. Kg2 Rh2+ 47.
Kf3 Rh3+ 48. Kf2 Rh2+ 49. Ke3 Rxe2+ 50. Kxe2 c4 51. Kd1 Kf6 52. Kc2 Kxg6 53.
Bc3 1-0

[Event "VIII Torneo Int. Ciudad de Las Palmas"]
[Site "Las Palmas"]
[Date "1979.08.11"]
[Round "14"]
[White "Betancort Curbelo, Juan Rafael"]
[Black "Garcia Gonzales, Guillermo"]
[Result "0-1"]
[WhiteElo "2350"]
[BlackElo "2490"]
[PlyCount "86"]
[EventDate "1979.??.??"]

1. d4 Nf6 2. c4 c5 3. d5 e6 4. Nc3 exd5 5. cxd5 d6 6. g3 g6 7. Bg2 Bg7 8. Nf3
O-O 9. O-O Re8 10. Nd2 Nbd7 11. h3 a6 12. a4 Nh5 13. Kh2 f5 14. Nc4 Ne5 15.
Nxe5 Bxe5 16. e3 Rb8 17. a5 b5 18. axb6 Rxb6 19. Ra3 Rb4 20. f4 Bg7 21. Bf3 Nf6
22. Qc2 Qe7 23. Rd1 h5 24. b3 Nd7 25. Na2 Rb8 26. Qf2 Qf7 27. Qc2 Qf6 28. Rd3
h4 29. g4 fxg4 30. Bxg4 c4 31. Rc3 Nb6 32. Bxc8 Rbxc8 33. bxc4 Qf5 34. Qxf5
gxf5 35. Rcb3 Nxc4 36. Rxa6 Ra8 37. Nb4 Rab8 38. Ra7 Bf6 39. Rc7 Re4 40. Kg2
Bd8 41. Ra7 Ba5 42. Ba3 Nxa3 43. Rxa5 Nc4 0-1

[Event "VIII Torneo Int. Ciudad de Las Palmas"]
[Site "Las Palmas"]
[Date "1979.08.11"]
[Round "14"]
[White "Csom, Istvan"]
[Black "Bellon Lopez, Juan Manuel"]
[Result "1-0"]
[WhiteElo "2510"]
[BlackElo "2395"]
[PlyCount "57"]
[EventDate "1979.??.??"]

1. Nf3 d5 2. b3 Bg4 3. Bb2 Nd7 4. e3 Ngf6 5. Be2 c6 6. O-O e6 7. c4 a5 8. cxd5
exd5 9. a3 Bd6 10. d3 Bxf3 11. Bxf3 h5 12. Re1 Qb6 13. Nd2 Kf8 14. Rb1 Ne5 15.
Be2 Nfg4 16. Nf1 Re8 17. h3 Nf6 18. b4 axb4 19. axb4 Bb8 20. Qc2 Nfd7 21. Rec1
Rh6 22. Bd4 Qc7 23. b5 Kg8 24. Qb2 g5 25. bxc6 bxc6 26. Qb7 Qd6 27. Ba7 c5 28.
d4 cxd4 29. Rc8 1-0

[Event "VIII Torneo Int. Ciudad de Las Palmas"]
[Site "Las Palmas"]
[Date "1979.08.11"]
[Round "14"]
[White "Fernandez Garcia, Jose Luis"]
[Black "Garriga Nualart, Josep"]
[Result "1-0"]
[WhiteElo "2340"]
[BlackElo "2300"]
[PlyCount "57"]
[EventDate "1979.??.??"]

1. e4 e6 2. Nf3 d5 3. Nc3 Nf6 4. e5 Nfd7 5. d4 c5 6. Bb5 cxd4 7. Nxd4 a6 8.
Bxd7+ Bxd7 9. Be3 Qc7 10. O-O Nc6 11. f4 Be7 12. Qg4 g6 13. Nce2 h5 14. Qg3
O-O-O 15. Qf2 Rdg8 16. Nf3 Rh7 17. Bb6 Qb8 18. c4 g5 19. cxd5 exd5 20. Rac1
Rhg7 21. Rfd1 gxf4 22. Nxf4 Be6 23. Kh1 Bd8 24. Bxd8 Rxd8 25. Nd4 Qxe5 26.
Nfxe6 fxe6 27. Re1 Rf7 28. Nxc6 bxc6 29. Qxf7 1-0

[Event "VIII Torneo Int. Ciudad de Las Palmas"]
[Site "Las Palmas"]
[Date "1979.08.11"]
[Round "14"]
[White "Ivkov, Borislav"]
[Black "Sanz Alonso, Francisco Javier"]
[Result "1-0"]
[WhiteElo "2525"]
[BlackElo "2390"]
[PlyCount "81"]
[EventDate "1979.??.??"]

1. d4 Nf6 2. c4 e6 3. g3 c5 4. d5 exd5 5. cxd5 d6 6. Nc3 g6 7. Bg2 Bg7 8. Nf3
O-O 9. O-O Re8 10. Nd2 a6 11. a4 Nbd7 12. h3 Nh5 13. Kh2 f5 14. f4 Nhf6 15. Qc2
Rb8 16. Nc4 Nb6 17. Ne3 Bd7 18. a5 Nc8 19. Nc4 Bb5 20. b3 Ne4 21. Bxe4 fxe4 22.
Bb2 Bxc4 23. bxc4 b6 24. Nd1 Bxb2 25. Qxb2 Ne7 26. Ne3 Nf5 27. Nxf5 gxf5 28.
Qc3 Qe7 29. axb6 Rxb6 30. g4 Qg7 31. Qxg7+ Kxg7 32. Rfb1 Reb8 33. Rxb6 Rxb6 34.
Kg3 h6 35. Ra3 Kg6 36. Kh4 Kf6 37. e3 Kg6 38. Ra2 Kf6 39. Kh5 fxg4 40. hxg4 Rb3
41. Rxa6 1-0

[Event "VIII Torneo Int. Ciudad de Las Palmas"]
[Site "Las Palmas"]
[Date "1979.08.11"]
[Round "14"]
[White "Rodriguez Vargas, Orestes"]
[Black "Garcia Padron, Jose"]
[Result "1/2-1/2"]
[WhiteElo "2495"]
[BlackElo "2400"]
[PlyCount "58"]
[EventDate "1979.??.??"]

1. d4 d5 2. Nf3 Nf6 3. c4 dxc4 4. e3 e6 5. Bxc4 c5 6. O-O a6 7. a4 Nc6 8. Qe2
Qc7 9. Nc3 Be7 10. Rd1 O-O 11. h3 Rd8 12. d5 exd5 13. Bxd5 Nb4 14. e4 Nfxd5 15.
Nxd5 Nxd5 16. exd5 Bf5 17. Ne5 Bd6 18. Nc4 Re8 19. Be3 Bh2+ 20. Kh1 Bd6 21.
Rac1 Rad8 22. Nxd6 Qxd6 23. Qf3 Be4 24. Qf4 Qxf4 25. Bxf4 Rxd5 26. Rxd5 Bxd5
27. Rxc5 Bc6 28. b3 Re1+ 29. Kh2 Rb1 1/2-1/2

[Event "VIII Torneo Int. Ciudad de Las Palmas"]
[Site "Las Palmas"]
[Date "1979.08.11"]
[Round "14"]
[White "Suba, Mihai"]
[Black "Dominguez Sanz, Juan Pedro"]
[Result "1-0"]
[WhiteElo "2435"]
[BlackElo "2275"]
[PlyCount "81"]
[EventDate "1979.??.??"]

1. c4 e5 2. Nc3 d6 3. d4 Be7 4. Nf3 Nd7 5. g3 c6 6. Bg2 f5 7. dxe5 dxe5 8. e4
fxe4 9. Nxe4 Ngf6 10. Nd6+ Bxd6 11. Qxd6 Qe7 12. Qxe7+ Kxe7 13. O-O Re8 14. b3
Kf7 15. Re1 h6 16. Ba3 e4 17. Nd2 Ne5 18. Nxe4 Nxe4 19. Rxe4 Bf5 20. Rf4 Kg6
21. Rd4 Rad8 22. Bd6 Nf7 23. Bc5 b6 24. Rxd8 Rxd8 25. Be3 c5 26. Bd5 Ng5 27. h4
Ne6 28. f3 h5 29. Rd1 Kh7 30. Kf2 g6 31. Re1 Nc7 32. Bg5 Re8 33. Rxe8 Nxe8 34.
Bf4 Bb1 35. a3 Ba2 36. Bc6 Ng7 37. Bb8 Bxb3 38. Bxa7 Bxc4 39. Bxb6 Ne6 40. a4
Kg7 41. Bb7 1-0

[Event "VIII Torneo Int. Ciudad de Las Palmas"]
[Site "Las Palmas"]
[Date "1979.08.11"]
[Round "14"]
[White "Tatai, Stefano"]
[Black "Geller, Efim P"]
[Result "1/2-1/2"]
[WhiteElo "2475"]
[BlackElo "2550"]
[PlyCount "60"]
[EventDate "1979.??.??"]

1. d4 Nf6 2. c4 e6 3. Nf3 d5 4. Nc3 Be7 5. Bg5 h6 6. Bxf6 Bxf6 7. e4 dxe4 8.
Nxe4 Nc6 9. Nxf6+ Qxf6 10. Qd3 b6 11. Qe4 Bb7 12. Ne5 O-O-O 13. Nxc6 Rd6 14.
Nxa7+ Kb8 15. Qe5 Kxa7 16. Qxf6 gxf6 17. O-O-O Rhd8 18. f3 c5 19. d5 exd5 20.
cxd5 Bxd5 21. b3 Be6 22. Rxd6 Rxd6 23. Bb5 Kb7 24. Rd1 Kc7 25. Rxd6 Kxd6 26.
Kd2 Ke5 27. Ke3 f5 28. g3 f6 29. Bc4 Bd7 30. a3 Bc6 1/2-1/2

[Event "VIII Torneo Int. Ciudad de Las Palmas"]
[Site "Las Palmas"]
[Date "1979.08.11"]
[Round "14"]
[White "Vaganian, Rafael"]
[Black "Rivas Pastor, Manuel"]
[Result "1-0"]
[WhiteElo "2570"]
[BlackElo "2365"]
[PlyCount "37"]
[EventDate "1979.??.??"]

1. c4 e5 2. Nc3 Nf6 3. Nf3 Nc6 4. g3 Bb4 5. Nd5 Bc5 6. Bg2 O-O 7. d3 Nxd5 8.
cxd5 Nd4 9. Nd2 d6 10. e3 Nf5 11. Nc4 a5 12. Bd2 a4 13. O-O Bd7 14. Qc2 Ra6 15.
Nxe5 Bxe3 16. Nxd7 Nd4 17. Qd1 Bxd2 18. Nxf8 Bb4 19. Qg4 1-0

[Event "VIII Torneo Int. Ciudad de Las Palmas"]
[Site "Las Palmas"]
[Date "1979.08.13"]
[Round "15"]
[White "Bellon Lopez, Juan Manuel"]
[Black "Ivkov, Borislav"]
[Result "0-1"]
[WhiteElo "2395"]
[BlackElo "2525"]
[PlyCount "84"]
[EventDate "1979.??.??"]

1. Nc3 d5 2. e4 dxe4 3. Nxe4 Nd7 4. Bc4 e6 5. Qe2 Be7 6. Nf3 Nb6 7. Bb3 a5 8.
a3 a4 9. Ba2 Nf6 10. d4 Nxe4 11. Qxe4 Nd5 12. Ne5 O-O 13. c4 Nf6 14. Qf4 c5 15.
Be3 Qa5+ 16. Bd2 Qc7 17. dxc5 Bxc5 18. Bc3 Nd7 19. O-O-O f6 20. Nd3 Qxf4+ 21.
Nxf4 Kf7 22. Rhe1 Re8 23. Bb1 g6 24. Be4 Bxf2 25. Re2 Nc5 26. Bf3 Bh4 27. Kb1
e5 28. Bb4 Bf5+ 29. Ka2 e4 30. Bxc5 exf3 31. Rxe8 Rxe8 32. gxf3 Rc8 33. Be3
Rxc4 34. Ng2 Be6 35. Kb1 Bg5 36. Bxg5 fxg5 37. Ne3 Rh4 38. Rd2 Rf4 39. Ng4 h5
40. Ne5+ Kf6 41. Nd7+ Bxd7 42. Rxd7 Rxf3 0-1

[Event "VIII Torneo Int. Ciudad de Las Palmas"]
[Site "Las Palmas"]
[Date "1979.08.13"]
[Round "15"]
[White "Dominguez Sanz, Juan Pedro"]
[Black "Vaganian, Rafael"]
[Result "0-1"]
[WhiteElo "2275"]
[BlackElo "2570"]
[PlyCount "62"]
[EventDate "1979.??.??"]

1. e4 e6 2. d4 d5 3. Nc3 Bb4 4. e5 c5 5. Qg4 Ne7 6. Nf3 Nbc6 7. Bb5 Bxc3+ 8.
bxc3 Qa5 9. Bxc6+ bxc6 10. O-O Ba6 11. Re1 Qxc3 12. Bd2 Qxc2 13. Bg5 Qf5 14.
Qg3 c4 15. Bxe7 Kxe7 16. Nh4 Qd3 17. Qxg7 Raf8 18. Re3 Qc2 19. Rf3 Qb2 20. Rd1
Bb5 21. Nf5+ exf5 22. e6 Qe2 23. Qg5+ Ke8 24. exf7+ Kd7 25. Qxf5+ Qe6 26. Qf4
h5 27. a4 Ba6 28. Qd2 Rxf7 29. Re1 Qg6 30. Qa5 Rxf3 31. Qxa6 Rhf8 0-1

[Event "VIII Torneo Int. Ciudad de Las Palmas"]
[Site "Las Palmas"]
[Date "1979.08.13"]
[Round "15"]
[White "Garcia Gonzales, Guillermo"]
[Black "Csom, Istvan"]
[Result "1/2-1/2"]
[WhiteElo "2490"]
[BlackElo "2510"]
[PlyCount "85"]
[EventDate "1979.??.??"]

1. c4 Nf6 2. Nc3 e6 3. e4 c5 4. e5 Ng8 5. Nf3 Nc6 6. d4 cxd4 7. Nxd4 Nxe5 8.
Ndb5 f6 9. Be3 a6 10. Nd6+ Bxd6 11. Qxd6 Ne7 12. Bb6 Nf5 13. Bxd8 Nxd6 14. Bc7
Ke7 15. c5 Ne8 16. Bb6 d5 17. cxd6+ Nxd6 18. Bc5 Nef7 19. Rd1 b6 20. Bxb6 Rb8
21. Bd4 Rd8 22. Be2 Kf8 23. Rd2 Nf5 24. Bc5+ Kg8 25. Rxd8+ Nxd8 26. g4 Nh4 27.
b4 Bb7 28. Rg1 Nf3+ 29. Bxf3 Bxf3 30. Rg3 Bc6 31. g5 Kf7 32. gxf6 gxf6 33. Rd3
Nb7 34. Bb6 Rg8 35. a4 Rg4 36. b5 axb5 37. axb5 Be8 38. Be3 Rh4 39. b6 Bc6 40.
Ne2 Rxh2 41. Rc3 Rh1+ 42. Kd2 Na5 43. Nc1 1/2-1/2

[Event "VIII Torneo Int. Ciudad de Las Palmas"]
[Site "Las Palmas"]
[Date "1979.08.13"]
[Round "15"]
[White "Garcia Padron, Jose"]
[Black "Fernandez Garcia, Jose Luis"]
[Result "1/2-1/2"]
[WhiteElo "2400"]
[BlackElo "2340"]
[PlyCount "33"]
[EventDate "1979.??.??"]

1. d4 Nf6 2. Nf3 g6 3. Bf4 Bg7 4. e3 c5 5. c3 b6 6. Nbd2 Bb7 7. h3 Nc6 8. Be2
O-O 9. O-O d6 10. Re1 Rc8 11. Bf1 Re8 12. Bh2 Rc7 13. dxc5 bxc5 14. Qa4 Nd7 15.
Rad1 Nb6 16. Qc2 Rd7 17. e4 1/2-1/2

[Event "VIII Torneo Int. Ciudad de Las Palmas"]
[Site "Las Palmas"]
[Date "1979.08.13"]
[Round "15"]
[White "Garriga Nualart, Josep"]
[Black "Tatai, Stefano"]
[Result "0-1"]
[WhiteElo "2300"]
[BlackElo "2475"]
[PlyCount "64"]
[EventDate "1979.??.??"]

1. c4 f5 2. Nc3 Nf6 3. e4 fxe4 4. d3 e5 5. g4 h6 6. g5 hxg5 7. Bxg5 Bb4 8. Bg2
d5 9. cxd5 Bxc3+ 10. bxc3 Qxd5 11. Bxf6 gxf6 12. Bxe4 Qf7 13. Qb3 c6 14. Qxf7+
Kxf7 15. Ne2 Na6 16. f4 f5 17. Bg2 Nc5 18. Rd1 e4 19. dxe4 fxe4 20. Kf2 Bg4 21.
Rd2 e3+ 22. Kxe3 Rae8+ 23. Kf2 Nd3+ 24. Rxd3 Rxe2+ 25. Kg1 Bf5 26. Rf3 Rg8 27.
Rg3 Rd8 28. h4 Be4 29. h5 Rd1+ 30. Kh2 Rdd2 31. Rg1 Rxa2 32. h6 Rxg2+ 0-1

[Event "VIII Torneo Int. Ciudad de Las Palmas"]
[Site "Las Palmas"]
[Date "1979.08.13"]
[Round "15"]
[White "Geller, Efim P"]
[Black "Suba, Mihai"]
[Result "1/2-1/2"]
[WhiteElo "2550"]
[BlackElo "2435"]
[PlyCount "47"]
[EventDate "1979.??.??"]

1. e4 e6 2. d4 d5 3. Nd2 dxe4 4. Nxe4 Bd7 5. Nf3 Bc6 6. Bd3 Nd7 7. O-O Ngf6 8.
Qe2 Be7 9. c4 Nxe4 10. Bxe4 Bxe4 11. Qxe4 c6 12. Bf4 O-O 13. Rad1 Re8 14. Qc2
Qa5 15. Rfe1 Rac8 16. h3 h6 17. b3 b5 18. Ne5 Nxe5 19. Bxe5 Qd8 20. Re3 bxc4
21. bxc4 Bd6 22. Rg3 Bxe5 23. dxe5 Qa5 24. Qc3 1/2-1/2

[Event "VIII Torneo Int. Ciudad de Las Palmas"]
[Site "Las Palmas"]
[Date "1979.08.13"]
[Round "15"]
[White "Rivas Pastor, Manuel"]
[Black "Betancort Curbelo, Juan Rafael"]
[Result "1-0"]
[WhiteElo "2365"]
[BlackElo "2350"]
[PlyCount "57"]
[EventDate "1979.??.??"]

1. d4 Nf6 2. Nf3 b6 3. c4 Bb7 4. Bf4 e6 5. e3 c5 6. d5 exd5 7. Nc3 d6 8. cxd5
Be7 9. e4 O-O 10. a4 Nbd7 11. Be2 a6 12. O-O Re8 13. Nd2 Bc8 14. Re1 h6 15. Bg3
g5 16. h4 Ne5 17. hxg5 hxg5 18. Ra3 Ng6 19. Qc2 Bf8 20. Nc4 Rb8 21. Rb3 Qc7 22.
Qc1 Nh7 23. Bh5 Ne5 24. Bxe5 dxe5 25. d6 Bxd6 26. Nd5 Qd8 27. Rd1 b5 28. Nde3
Re6 29. Nf5 1-0

[Event "VIII Torneo Int. Ciudad de Las Palmas"]
[Site "Las Palmas"]
[Date "1979.08.13"]
[Round "15"]
[White "Sanz Alonso, Francisco Javier"]
[Black "Rodriguez Vargas, Orestes"]
[Result "1/2-1/2"]
[WhiteElo "2390"]
[BlackElo "2495"]
[PlyCount "25"]
[EventDate "1979.??.??"]

1. e4 e5 2. Nc3 Nf6 3. g3 Bc5 4. Bg2 Nc6 5. Nge2 a6 6. O-O d6 7. Nd5 Nd4 8.
Nxd4 Bxd4 9. Nxf6+ Qxf6 10. d3 O-O 11. Qe2 b5 12. c3 Bb6 13. a4 1/2-1/2

[Event "VIII Torneo Int. Ciudad de Las Palmas +"]
[Site "Las Palmas"]
[Date "1979.07.25"]
[Round "1"]
[White "Csom, Istvan"]
[Black "Menvielle Lacourrelle, Augusto"]
[Result "1-0"]
[WhiteElo "2510"]
[BlackElo "2315"]
[Annotator "E. Solana"]
[PlyCount "87"]
[EventDate "1979.??.??"]

1. b3 Nf6 2. Bb2 d6 3. g3 g6 4. Bg2 Bg7 5. e4 O-O 6. Ne2 e5 7. O-O Nc6 8. c4
Re8 9. Nbc3 Nd4 10. Nxd4 exd4 11. Ne2 c5 12. d3 Bd7 13. h3 b5 14. Qd2 Rb8 15.
Kh2 a5 16. Rab1 a4 17. Ba3 Qc7 18. Qc2 Qa7 19. Bc1 bxc4 20. bxc4 Rxb1 21. Qxb1
Rb8 22. Qc2 a3 23. Qd2 Bc6 24. Ng1 Nd7 25. Nf3 Qa8 26. Ne1 Rb6 27. f4 h5 28.
Nc2 Ra6 29. Rf2 Nb6 30. h4 Nd7 31. Bh3 Nf6 32. Qe2 Ra7 33. Rf1 Re7 34. Nxa3 Ra7
35. e5 dxe5 36. fxe5 Ng4+ 37. Bxg4 hxg4 38. Qxg4 Bxe5 39. Rf2 Bg7 40. h5 Bd7
41. Qg5 gxh5 42. Qxh5 f5 43. Re2 f4 44. Re7 {La partida fue anulada por la
retirada de Augusto Menvielle. Csom debió volver a disputar la ronda contra
Betancort, aprovechando un día de descanso (volvió a ganar Csom).} 1-0